Narcisse, (Record no. 22586)

MARC details
000 -LEADER
fixed length control field 00580cam a22002171 4500
001 - CONTROL NUMBER
control field f 01001513
003 - CONTROL NUMBER IDENTIFIER
control field DLC
005 - DATE AND TIME OF LATEST TRANSACTION
control field 20260227111240.0
008 - FIXED-LENGTH DATA ELEMENTS--GENERAL INFORMATION
fixed length control field 840502s1897 fr 000 1 fre
010 ## - LIBRARY OF CONGRESS CONTROL NUMBER
LC control number f 01001513
035 ## - SYSTEM CONTROL NUMBER
System control number (OCoLC)10680833
040 ## - CATALOGING SOURCE
Original cataloging agency DLC
Transcribing agency NhD
Modifying agency NhD
-- DLC
042 ## - AUTHENTICATION CODE
Authentication code premarc
050 00 - LIBRARY OF CONGRESS CALL NUMBER
Classification number PQ2411
Item number .N4 1897
100 1# - MAIN ENTRY--PERSONAL NAME
Personal name Sand, George,
Dates associated with a name 1804-1876.
245 10 - TITLE STATEMENT
Title Narcisse,
Statement of responsibility, etc. par George Sand.
250 ## - EDITION STATEMENT
Edition statement Nouv. éd.
260 ## - PUBLICATION, DISTRIBUTION, ETC.
Place of publication, distribution, etc. Paris,
Name of publisher, distributor, etc. Calmann Lévy,
Date of publication, distribution, etc. 1897.
300 ## - PHYSICAL DESCRIPTION
Extent 2 p. l., 264 p.
Dimensions 12 mo.
490 0# - SERIES STATEMENT
Series statement Œurves complètes de George Sand

No items available.

Powered by Koha